| 000 | 00889nam a22002897a 4500 | ||
|---|---|---|---|
| 003 | CHAP | ||
| 005 | 20220329134805.0 | ||
| 008 | 971013s1981 r 00010 d | ||
| 010 | _a25952 | ||
| 011 | _a26924 | ||
| 035 | _a31025 | ||
| 040 | _cCHAP | ||
| 082 |
_a666.9 _bI5Y |
||
| 110 |
_aInternational Ferrocement Information Center _959707 |
||
| 245 | _aFerrocemento | ||
| 260 |
_aMéxico, D.F. : _bInstituto Mexicano del Cemento y del Concreto, _c1981 |
||
| 300 | _a227 p | ||
| 590 |
_aBATCH-UPD _b10 _c20130110 _lUCH01 _h1231 |
||
| 590 |
_aBATCH-UPD _b10 _c20130410 _lUCH01 _h0801 |
||
| 590 |
_aBATCH-UPD _b10 _c20130914 _lUCH01 _h0907 |
||
| 590 |
_aCONVERSION _b10 _c20130109 _lUCH01 _h1315 |
||
| 650 | 1 | 4 |
_aCemento. _920935 |
| 650 | 1 | 4 |
_aConstrucción _xMateriales de. _927387 |
| 901 | _aBK | ||
| 942 | _cLIBRO | ||
| 949 |
_a666.9 I5Y _bBC _cLIBRO _d33724000665105 _eLIBRO _h58343 _i31025 _si |
||
| 999 |
_c25952 _d25952 |
||